Religion A-Z #1 - Statistiken

Allgemein
  • Dieses Quiz wurde 378 mal gespielt
  • Das Durchschnittsergebnis liegt bei 13 aus 26
Antwortstatistiken
Hinweis Antwort % Korrekt
A Letztes Wort im Vaterunser Amen
98%
E Erste Frau der Bibel Eva
92%
F Papst, der 2013 gewählt wurde Franziskus
88%
D Mörder von Goliath David
87%
N Berühmter Archenbauer & Flutüberlebter Noah
83%
O Vater von Thor Odin
74%
B Siddhārtha Gautama nach anderem Namen Buddha
69%
I Bevölkerungsreichstes Land, in dem es eine Shia-Mehrheit gibt Iran
60%
P Bewegung, die von Martin Luther gestartet wurde: __________ Reformation Protestantische
60%
K Quaderförmiges Gebäude in Mekka; Die heiligste Städte des Islam Kaaba
54%
Y Gruppe hinduistischer spiritueller Praktiken, die Dehnübungen beinhaltet Yoga
54%
H Muslimische Pilgerfahrt nach Mekka Haddsch
52%
T Erste fünf Bücher der jüdischen Bibel Tora
50%
C Anführer der Kirche Englands: Erzbischof von __________ Canterbury
44%
R Religion, deren Ursprung in Jamaika liegt Rastafari
42%
Z Das Heilige Land - ein Synonym für Jerusalem Zion
39%
M Moscheeturm, von dem aus dieDer Aufruf zum Gebet erfolgt Minarett
36%
L Seine Frau wurde eine Salzsäule Lot
33%
S Ethnische Religion Japans Shinto
32%
V Blauer, vierarmiger Hindu-Gott Vishnu
31%
Q Originales Wort für die heilige Schriftdes Islams Al-{Qur'an}
29%
U Stadt, in der Abraham geboren ist Ur
21%
W Moderne heidnische Religion, die durch ein Pentagramm symbolisiert wird Wicca
12%
J Indische Religion, die sich gegen Gewaltan alle lebenden Kreaturen einsetzt Jainismus
8%
G Verteiler für Bibeln in Hotelräumen Gideon
6%
X Taoistischer Begriff für eine erleuchtete Person Xian
2%
Keine übereinstimmenden Quizze gefunden
Verteilung der Resultate
Anzahl Personen mit jedem Resultat
Perzentil nach korrekt beantworteten Fragen
Ihre Resultats-Entwicklung
Sie haben dieses Quiz noch nicht gespielt